000 00373nam a2200145 4500
008 191022s2018||||xo d
100 1 _aMengerová Olga
_91388
245 1 0 _aVaríme pre dojcatá a batolatá
250 _a1.vydanie
260 _bOttovo nakladatelstvi
_aPraha
_c2018
300 _a168s.
020 _a9788074516474
_c7,59
041 1 _aslo
044 _axo
_cSK
999 _c22750
_d22750